| 000 | 00550nam a22001817a 4500 | ||
|---|---|---|---|
| 999 |
_c15731 _d15731 |
||
| 003 | AR-CdUCM | ||
| 008 | 190429b ||||| |||| 00| 0 spa d | ||
| 040 |
_aMUNICIPALIDAD PROVINCIAL DEL CUSCO _cBIBLIOTECA MUNICIPAL DEL CUSCO |
||
| 082 |
_aC / 051 / _bEU91 |
||
| 245 |
_aEuterpe : _brevista de artes y letras 42 / |
||
| 260 |
_aArgentina : _bBella y Blanch, _c1961. |
||
| 300 |
_a32 páginas : _c27 cm. |
||
| 440 |
_aRevista de artes y letras _n42 _934911 |
||
| 650 |
_aArte. _9561 |
||
| 650 |
_aLiteratura. _983 |
||
| 942 |
_2ddc _cPP |
||
| 945 | _awfj | ||